BSOP header

After we die (Record no. 50932)

MARC details
000 -LEADER
fixed length control field 01101cam a2200265 i 4500
001 - CONTROL NUMBER
control field 18473135
005 - DATE AND TIME OF LATEST TRANSACTION
control field 20220304143552.0
008 - FIXED-LENGTH DATA ELEMENTS--GENERAL INFORMATION
fixed length control field 150130s2015 txu b 001 0 eng
010 ## - LIBRARY OF CONGRESS CONTROL NUMBER
LC control number 2014048043
020 ## - INTERNATIONAL STANDARD BOOK NUMBER
International Standard Book Number 9781481303422 (hardback : alk. paper)
020 ## - INTERNATIONAL STANDARD BOOK NUMBER
International Standard Book Number 9781481304344
100 1# - MAIN ENTRY--PERSONAL NAME
Personal name Davis, Stephen T.,
Dates associated with a name 1940-
245 10 - TITLE STATEMENT
Title After we die
Medium [electronic resource] :
Remainder of title theology, philosophy, and the question of life after death /
Statement of responsibility, etc Stephen T. Davis.
260 ## - PUBLICATION, DISTRIBUTION, ETC. (IMPRINT)
Place of publication, distribution, etc Waco, Texas :
Name of publisher, distributor, etc Baylor University Press,
Date of publication, distribution, etc c2015.
300 ## - PHYSICAL DESCRIPTION
Extent 1 online resource
336 ## - CONTENT TYPE
Content Type Term text
Content Type Code txt
Source rdacontent
337 ## - MEDIA TYPE
Media Type Term computer
Media Type Code n
Source rdamedia
338 ## - CARRIER TYPE
Carrier Type Term online resource
Carrier Type Code nc
Source rdacarrier
504 ## - BIBLIOGRAPHY, ETC. NOTE
Bibliography, etc Includes bibliographical references (pages 155-162) and indexes.
505 ## - FORMATTED CONTENTS NOTE
Formatted contents note Survival of death theories --<br/>Karma versus grace --<br/>Resurrection --<br/>Ascension and second coming --<br/>Hell --<br/>Purgatory --<br/>Heaven
650 #0 - SUBJECT ADDED ENTRY--TOPICAL TERM
Topical term or geographic name as entry element Future life
General subdivision Christianity.
655 #4 - INDEX TERM--GENRE/FORM
Genre/form data or focus term Electronic books
856 ## - ELECTRONIC LOCATION AND ACCESS
Uniform Resource Identifier <a href="https://drive.google.com/file/d/1wLae701-SAHNRT_iEgZpgYA7-nHAzU46/view?usp=sharing">https://drive.google.com/file/d/1wLae701-SAHNRT_iEgZpgYA7-nHAzU46/view?usp=sharing</a>
942 ## - ADDED ENTRY ELEMENTS (KOHA)
Source of classification or shelving scheme Library of Congress Classification
Item type eBooks
Holdings
Withdrawn status Lost status Source of classification or shelving scheme Damaged status Not for loan Home library Current library Date acquired Inventory number Total Checkouts Date last seen Price effective from Koha item type
    Library of Congress Classification     BSOP Library Digital Library 05/09/2024 eB-00831   05/09/2024 05/09/2024 eBooks
BSOP

Biblical Seminary of the Philippines
  All rights Reserved
  © 2024

CONTACT INFORMATION

Biblical Seminary of the Philippines,
  77-B Karuhatan Road, Valenzuela City,
  PHILIPPINES 1441
  Phone: +632 8292-6795 / 8292-6798
  Fax : +632 8292-6675
  Email: library@bsop.edu.ph